00825nam a22002537a 4500003000400000005001700004008004100021020003000062040003100092050001300123100002500136245008100161250001900242260003300261300004600294336002400340337002800364338002500392504005100417650002800468650002300496650002400519700002800543OSt20240802105951.0240801b |||||||| |||| 00| 0 eng d a9780323428187 (paperback) aNUSTbengcNUSTdNUSTerda aRT49 GUL aGulanick MegeAuthor aNursing care plans :bdiagnoses interventions, and outcomes /cGulanick, Meg aNinth edition. aSt Louis :bElsevier,c2017. axvi, 991 pages :bIllustrations ;c28 cm. 2rdamediaatextbtxt 2rdamediaaunmediatedbn 2rdamediaavolumebnc aIncludes bibliographical references and index. vPatient care planning.  vNursing diagnosis. vOutcome assessment. aMyers, Judith LeAurhor